LEADER 01345nam a2200229 i 4500 001 000000259134 003 CaOOAMICUS 005 20180709000000.0 008 180709s2003 it u000 u ita u 013 $a238042 040 $aSeMil$bita 245 10$aCompendium vitae, virtutum ac miraculorum necnon Actorum in causa canonizationis beatae Paulae Elisabethae (in saec.: Constantiae Cerioli vid. Busecchi-Tassis) :$bFundatricis Institutuum Religiosorum et Sororum a S. Familia (1816-1865) 260 $aRomae :$bIn Typographia Nova Res,$c2003. 300 $a20 p. ;$c27 cm. 500 $aAi pie' del front : E Tabulario Congregationis De Causis Sanctorum. 600 14$aCerioli, Paola Elisabetta .$0(OLS)http://semarc/subject/1490 650 4$aSanti - Canonizzazione.$0(OLS)http://semarc/subject/1571 850 $aSeMil 852 $aSeMil$W1$xVenegono$y1$m6W I 71/14$j209479$B209479$CSeMilBibl$Z2$F223159 $8I 961 $aOmaggio: Scola Card. Angelo 996 $6245$aCompendium vitae, virtutum ac miraculorum necnon Actorum in causa canonizationis beatae Paulae Elisabethae (in saec.: Constantiae Cerioli vid. Busecchi-Tassis) :$bFundatricis Institutuum Religiosorum et Sororum a S. Familia (1816-1865)$9(OLS)http://semarc/title/413960 996 $6260$aRomae :$bIn Typographia Nova Res$9(OLS)http://semarc/publisher/53271 LEADER 01144nam a2200241 i 4500 001 000000065700 003 CaOOAMICUS 005 20131119000000.0 008 131119s1967 xx u000 u ger u 013 $a36872 040 $aSeMil$bita 100 1 $aWetter, Friedrich .$0(OLS)http://semarc/name/33018 245 14$aDie Trinitätslehre des Johannes Duns Scotus /$cvon Friedrich Wetter. 260 $aMünster Westf. :$bAschendorff,$c1967. 300 $aVIII, 486 p. ;$c24 cm. 490 0 $aBeiträge zur Geschichte der Philosophie und Theologie des Mittelalters ;$v41.5 650 4$aTrinità.$0(OLS)http://semarc/subject/940 650 4$aDuns Scoto, Giovanni <1265-1308>.$0(OLS)http://semarc/subject/148 830 0$aBeiträge zur Geschichte der Philosophie und Theologie des Mittelalters ;$v41.5.$0(OLS)http://semarc/title/27319 850 $aSeMil 852 $aSeMil$W1$xVenegono$y1$m2N I 205$j31853$B31853$CSeMilBibl$Z2$F31856 $81 996 $6245$aDie Trinitätslehre des Johannes Duns Scotus$9(OLS)http://semarc/title/104314 996 $6260$aMünster Westf. :$bAschendorff$9(OLS)http://semarc/publisher/29679